Bioinformatics: A Practical Approach (Record no. 227448)
[ view plain ]
| 000 -LEADER | |
|---|---|
| fixed length control field | 02195nam a22002417a 4500 |
| 005 - DATE AND TIME OF LATEST TRANSACTION | |
| control field | 20230608101538.0 |
| 008 - FIXED-LENGTH DATA ELEMENTS--GENERAL INFORMATION | |
| fixed length control field | 230608b ||||| |||| 00| 0 eng d |
| 020 ## - INTERNATIONAL STANDARD BOOK NUMBER | |
| International Standard Book Number | 9781584888109 |
| 040 ## - CATALOGING SOURCE | |
| Transcribing agency | AL |
| 041 ## - LANGUAGE CODE | |
| Language code of text/sound track or separate title | English |
| 082 ## - DEWEY DECIMAL CLASSIFICATION NUMBER | |
| Edition number | 23 |
| Classification number | 574.0285 |
| Item number | QINB |
| 100 ## - MAIN ENTRY--PERSONAL NAME | |
| Personal name | Shui Qing Ye |
| 100 ## - MAIN ENTRY--PERSONAL NAME | |
| 9 (RLIN) | 122255 |
| 245 ## - TITLE STATEMENT | |
| Title | Bioinformatics: A Practical Approach |
| 260 ## - PUBLICATION, DISTRIBUTION, ETC. | |
| Place of publication, distribution, etc. | London |
| Name of publisher, distributor, etc. | Chapman and Hall/CRC |
| Date of publication, distribution, etc. | 2007 |
| 300 ## - PHYSICAL DESCRIPTION | |
| Extent | 618 p. |
| Other physical details | PB |
| Dimensions | 24x15 cm. |
| 440 ## - SERIES STATEMENT/ADDED ENTRY--TITLE | |
| Title | Mathematical and Computational Biology Series |
| 9 (RLIN) | 122256 |
| 520 ## - SUMMARY, ETC. | |
| Summary, etc. | An emerging, ever-evolving branch of science, bioinformatics has paved the way for the explosive growth in the distribution of biological information to a variety of biological databases, including the National Center for Biotechnology Information. For growth to continue in this field, biologists must obtain basic computer skills while computer specialists must possess a fundamental understanding of biological problems. Bridging the gap between biology and computer science, Bioinformatics: A Practical Approach assimilates current bioinformatics knowledge and tools relevant to the omics age into one cohesive, concise, and self-contained volume.<br/>Written by expert contributors from around the world, this practical book presents the most state-of-the-art bioinformatics applications. The first part focuses on genome analysis, common DNA analysis tools, phylogenetics analysis, and SNP and haplotype analysis. After chapters on microarray, SAGE, regulation of gene expression, miRNA, and siRNA, the book presents widely applied programs and tools in proteome analysis, protein sequences, protein functions, and functional annotation of proteins in murine models. The last part introduces the programming languages used in biology, website and database design, and the interchange of data between Microsoft Excel and Access.<br/>Keeping complex mathematical deductions and jargon to a minimum, this accessible book offers both the theoretical underpinnings and practical applications of bioinformatics. |
| 650 ## - SUBJECT ADDED ENTRY--TOPICAL TERM | |
| Topical term or geographic name entry element | DNA |
| 9 (RLIN) | 122257 |
| 650 ## - SUBJECT ADDED ENTRY--TOPICAL TERM | |
| Topical term or geographic name entry element | Phylogenetic Analysis |
| 9 (RLIN) | 122258 |
| 650 ## - SUBJECT ADDED ENTRY--TOPICAL TERM | |
| Topical term or geographic name entry element | Gene Expression |
| 9 (RLIN) | 122259 |
| 700 ## - ADDED ENTRY--PERSONAL NAME | |
| Personal name | QING YE (Shui) |
| 9 (RLIN) | 122260 |
| 942 ## - ADDED ENTRY ELEMENTS (KOHA) | |
| Source of classification or shelving scheme | Dewey Decimal Classification |
| Koha item type | Donated Books |
| Withdrawn status | Lost status | Source of classification or shelving scheme | Damaged status | Not for loan | Collection code | Home library | Current library | Date acquired | Total Checkouts | Full call number | Barcode | Date last seen | Cost, replacement price | Price effective from | Koha item type |
|---|---|---|---|---|---|---|---|---|---|---|---|---|---|---|---|
| Dewey Decimal Classification | Microbiology | St Aloysius Library | St Aloysius Library | 06/03/2023 | 574.0285 QINB | D05664 | 06/08/2023 | 695.00 | 06/08/2023 | Donated Books |